000 00676nam a2200217 i 4500
001 102493
003 ES-MaACL
005 20230906183123.0
007 t|
008 051111s1981 sp ||||1| spa d
100 1 _aMérimée, Prosper (
_d1803-1870)
_980507
245 1 0 _aCarmen y otros cuentos /
_cProsper Mérimée; [traducción: Manuel Serrat Crespo].
250 _a[1ª ed.].
260 _aBarcelona :
_bBruguera,
_c1981.
300 _a252 p. ;
_c18 cm.
490 1 _aBruguera libro amigo ;
_v794
700 1 _aSerrat Crespo, Manuel.
_9105816
830 0 _aBruguera libro amigo ;
_v794
_9185730
852 _aES-MaACL
_jL-6673
_bR.107704
999 _c102493
_d102493